Príprava atramentov pre biotlač inkjetovou tlačiarňou

Na minha lista:
Detalhes bibliográficos
Autor principal: Blažek, Patrik (Author)
Outros Autores: Jančovičová, Viera (Thesis advisor)
Formato: Manuscrito Livro
Idioma:eslovaco
Publicado em: 2018
Assuntos:
Acesso em linha:http://is.stuba.sk/zp/portal_zp.pl?podrobnosti=136234
Tags: Adicionar Tag
Sem tags, seja o primeiro a adicionar uma tag!

MARC

LEADER 00000ntm a22000003a 4500
001 stuzp69877
003 SK-STU
005 20180602211417.2
007 ta
008 150427s2015----xo-----f-mn---000-0-slo-d
040 |a STU  |b slo 
041 0 |a slo 
100 1 |a Blažek, Patrik  |u 049160  |k Z4  |4 aut  |U FCHPT Ústav prírodných a syntetických polymérov  |T FCHPT Oddelenie polygrafie a aplikovanej fotochémie  |X 61085  |U C9160  |Y 127  |7 61085 
242 0 1 |a The formulation of bioinks for inkjet bioprinting  |y eng 
245 1 0 |a Príprava atramentov pre biotlač inkjetovou tlačiarňou 
260 |c 2018 
650 4 |a inkjetová biotlač  |2 slo 
650 4 |a alginát sodný  |2 slo 
650 4 |a viskozita  |2 slo 
650 4 |a FTIR  |2 slo 
650 4 |a príprava atramentu  |2 slo 
650 4 |a inkjet bioprinting  |2 eng 
650 4 |a viscosity  |2 eng 
650 4 |a FTIR  |2 eng 
650 4 |a ink formulation  |2 eng 
650 4 |a sodium alginate  |2 eng 
700 1 |a Jančovičová, Viera  |u 049160  |k Z1  |4 ths  |U FCHPT Ústav prírodných a syntetických polymérov  |T FCHPT Oddelenie polygrafie a aplikovanej fotochémie  |X 3376  |U C9160  |Y 127  |7 A000003376 
856 4 |u http://is.stuba.sk/zp/portal_zp.pl?podrobnosti=136234